[Event "Retro WM 84 Glasgow"]
[Site "Salzgitter"]
[Date "2020.04.17"]
[Round "9"]
[White "Conchess T6 Glasgow , 5,5 MHz"]
[Black "Psion Sinclair QL , 7,5 MHz"]
[Result "1-0"]
[WhiteElo "1898"]
[BlackElo "1787"]
[PlyCount "111"]

1. d4 d5 2. Nf3 Nf6 3. Bg5 Nc6 4. Nbd2 Bf5 5. Bxf6 exf6 6. e3 Nb4 7. Bb5+ c6 8.
Ba4 Bd6 9. a3 Na6 10. c4 dxc4 11. Nxc4 b5 12. Nxd6+ Qxd6 13. Bc2 Bg6 14. O-O
O-O 15. Bxg6 fxg6 16. Rc1 Rae8 17. Qc2 Re6 18. e4 Rd8 19. e5 Qd5 20. Qc3 c5 21.
dxc5 fxe5 22. Qc2 Rf8 23. Rfd1 Qc6 24. Qb3 Kh8 25. Qc3 Rf5 26. Rd8+ Re8 27. Qa5
Rf6 28. Rxe8+ Qxe8 29. Rd1 Rf8 30. Qxa6 e4 31. Re1 Qc8 32. Qxc8 Rxc8 33. Rxe4
Kg8 34. b4 Kf8 35. Ng5 h6 36. Ne6+ Kf7 37. c6 Kf6 38. c7 Kf5 39. f3 Kf6 40. Kf2
g5 41. Ke3 g6 42. Kd4 a6 43. Kd5 h5 44. Kd6 Ra8 45. Kd7 Rh8 46. h4 Rh7+ 47. Kd6
Rxc7 48. hxg5+ Kf7 49. Nxc7 Kg7 50. Nxa6 Kf8 51. Nc7 Kf7 52. Re7+ Kf8 53. Ne8
Kg8 54. Nf6+ Kf8 55. Ke6 h4 56. Rf7# 1-0

[Event "Retro WM 84 Glasgow"]
[Site "Salzgitter"]
[Date "2020.04.17"]
[Round "32"]
[White "Meph. Excalibur Y Budapest , 8 MHz"]
[Black "Chafitz Steinitz TM , 20 MHz"]
[Result "1-0"]
[WhiteElo "1750"]
[BlackElo "1890"]
[PlyCount "51"]

1. e4 e6 2. d4 d5 3. Nc3 Bb4 4. e5 Ne7 5. a3 Bxc3+ 6. bxc3 Bd7 7. Bd3 c5 8. Qh5
g6 9. Qh6 c4 10. Be2 Nf5 11. Qh3 Ba4 12. Rb1 Qa5 13. Kd1 Bc6 14. g4 Ne7 15. Bf1
Nd7 16. Ne2 O-O 17. Qh4 Rfe8 18. Rb4 Qc7 19. Bg2 b5 20. Bg5 Nb6 21. Bf6 a5 22.
Rb1 h5 23. gxh5 Rab8 24. hxg6 Nxg6 25. Qh6 Ne7 26. Qg7# 1-0

[Event "Retro WM 84 Glasgow"]
[Site "Salzgitter"]
[Date "2020.04.18"]
[Round "7"]
[White "Meph. Excalibur O Serie , 8 MHz"]
[Black "Psion Sinclair QL , 7,5 MHz"]
[Result "1-0"]
[WhiteElo "1750"]
[BlackElo "1787"]
[PlyCount "95"]

1. e4 c5 2. Nf3 Nc6 3. Bb5 e6 4. O-O Nge7 5. d4 cxd4 6. Nxd4 Nxd4 7. Qxd4 a6 8.
Be2 Nc6 9. Qc3 Qh4 10. Bf3 e5 11. Rd1 Bb4 12. Qb3 d6 13. g3 Qh3 14. Bg2 Qg4 15.
c3 Bc5 16. Nd2 Be6 17. Qc2 Qe2 18. Rf1 O-O 19. Bf3 Qb5 20. a4 Qb6 21. b4 Nxb4
22. cxb4 Bxb4 23. Rb1 Rac8 24. Qb2 a5 25. Re1 Qc6 26. Bd1 b6 27. f4 Bc5+ 28.
Kh1 Bf2 29. Rf1 Bd4 30. Qa3 Bh3 31. Re1 exf4 32. gxf4 Be6 33. Bb2 Bf2 34. Re2
Bc5 35. Qg3 f6 36. Rg2 Qd7 37. f5 Ba2 38. Ra1 Bd5 39. exd5 Rce8 40. Bc2 Re3 41.
Qh4 Kh8 42. Rag1 Re7 43. Bxf6 Rxf6 44. Ne4 Rh6 45. Qxh6 Bxg1 46. Nf6 Qxf5 47.
Bxf5 gxh6 48. Rg8# 1-0

[Event "Retro WM 84 Glasgow"]
[Site "Salzgitter"]
[Date "2020.04.18"]
[Round "26"]
[White "Psion Sinclair QL , 7,5 MHz"]
[Black "Meph. Excalibur O Serie , 8 MHz"]
[Result "0-1"]
[WhiteElo "1787"]
[BlackElo "1750"]
[PlyCount "98"]

1. Nf3 d5 2. c4 d4 3. e3 c5 4. a3 Bf5 5. d3 Nf6 6. e4 Bg4 7. h3 Bxf3 8. Qxf3 e5
9. Be2 Nc6 10. O-O Qb6 11. Qg3 O-O-O 12. Nd2 g6 13. Nf3 Nh5 14. Qg5 Be7 15.
Qg4+ Kb8 16. Ng5 Rdf8 17. a4 Qa5 18. Rd1 f5 19. exf5 Bxg5 20. Bxg5 Rxf5 21. Bd2
Qa6 22. Bf3 Nf4 23. Bxf4 exf4 24. Be4 Ne5 25. Qh4 Qf6 26. Qxf6 Rxf6 27. Ra3 Rb6
28. b3 Re8 29. Rc1 Rbe6 30. Ra2 h5 31. Rb2 h4 32. b4 Nd7 33. a5 Kc8 34. f3 R8e7
35. bxc5 Nxc5 36. Rb5 Nxe4 37. fxe4 Re5 38. Rcb1 Kb8 39. a6 Rxb5 40. Rxb5 Rh7
41. axb7 Rxb7 42. Rd5 Kc7 43. Kf2 a5 44. Rxd4 a4 45. e5 a3 46. Rxf4 a2 47. Rf7+
Kb8 48. Rf8+ Ka7 49. Rf4 a1=Q 0-1

[Event "Retro WM 84 Glasgow"]
[Site "Salzgitter"]
[Date "2020.04.19"]
[Round "19"]
[White "Fidelity Prestige Glasg. CB16, 6 MHz"]
[Black "Psion Sinclair QL , 7,5 MHz"]
[Result "0-1"]
[WhiteElo "1870"]
[BlackElo "1787"]
[PlyCount "89"]

1. Nf3 d5 2. g3 c5 3. Bg2 Nc6 4. O-O e6 5. d3 Nf6 6. Nbd2 Bd6 7. Nb3 O-O 8. c4
Bd7 9. Bg5 h6 10. Bh4 g5 11. Nxg5 hxg5 12. Bxg5 d4 13. Bh6 Re8 14. Qd2 Ng4 15.
Bg5 Qc7 16. h3 Nge5 17. Bf6 Ng6 18. Qh6 Bf8 19. Qg5 b6 20. Be4 Bg7 21. Bxg6
Bxf6 22. Qxf6 fxg6 23. Qxg6+ Kf8 24. Qf6+ Kg8 25. Kg2 Re7 26. f4 Rf8 27. Qg6+
Rg7 28. Qh6 Nb4 29. Rf3 Qc6 30. a3 Nc2 31. Rc1 Ne3+ 32. Kh2 Nf5 33. Qxg7+ Kxg7
34. Nd2 Ne3 35. Nf1 Nxf1+ 36. Rcxf1 Bc8 37. e4 Rh8 38. f5 exf5 39. exf5 Bb7 40.
f6+ Kf7 41. g4 Qe6 42. Kg3 Bxf3 43. Rxf3 Qe2 44. h4 Rxh4 45. Kxh4 0-1

[Event "Retro WM 84 Glasgow"]
[Site "Salzgitter"]
[Date "2020.04.19"]
[Round "38"]
[White "Psion Sinclair QL , 7,5 MHz"]
[Black "Fidelity Prestige Glasg. CB16, 6 MHz"]
[Result "1-0"]
[WhiteElo "1787"]
[BlackElo "1870"]
[PlyCount "311"]

1. d4 d5 2. c4 dxc4 3. Nc3 e5 4. d5 c6 5. Nf3 Nf6 6. Nxe5 cxd5 7. Qa4+ Bd7 8.
Nxd7 Nbxd7 9. Be3 a6 10. Rd1 b5 11. Qc2 Bb4 12. a3 Bxc3+ 13. Qxc3 O-O 14. Qc2
Qc7 15. g3 Ne5 16. Bg2 Qa5+ 17. Bd2 Qb6 18. O-O Qc6 19. Ba5 Qe6 20. Qd2 Nc6 21.
Bb6 Rfe8 22. Be3 Rad8 23. Bb6 Rd7 24. Rfe1 Ne4 25. Qf4 Rb7 26. Be3 Rbe7 27.
Bxe4 dxe4 28. Rd6 Qc8 29. Red1 Re6 30. Rd7 Rf6 31. Qg5 Ne5 32. R7d2 h6 33. Qh5
Rf5 34. Qh4 Ng6 35. Qh3 Nf8 36. Qg2 Qa8 37. g4 Rf6 38. g5 Rg6 39. h4 hxg5 40.
h5 Rh6 41. Qxg5 Nh7 42. Qc5 Rc6 43. Qf5 Nf6 44. Qg5 Qc8 45. Rd6 Rxd6 46. Rxd6
Nh7 47. Qg3 f6 48. h6 Re7 49. Kf1 Rf7 50. Qg2 Qa8 51. Qg4 a5 52. hxg7 Rxg7 53.
Qe6+ Kh8 54. Rd4 Qg8 55. Qxg8+ Rxg8 56. Rxe4 a4 57. f4 Rg7 58. Kf2 Rd7 59. Kf3
Kg7 60. f5 Kf7 61. Rh4 Nf8 62. Rh2 Rd5 63. Ke4 Re5+ 64. Kf4 Re7 65. Bd4 Rd7 66.
e3 Rd6 67. Rh6 Kg7 68. Rh1 Kf7 69. Bc3 Nd7 70. Rh7+ Kg8 71. Re7 Nc5 72. e4 Kf8
73. Rc7 Na6 74. Rb7 Nc5 75. Rxb5 Nd3+ 76. Ke3 Ra6 77. Kd4 Nf2 78. Rb4 Rd6+ 79.
Kxc4 Nxe4 80. Rxa4 Nxc3 81. Kxc3 Rd5 82. Rf4 Rc5+ 83. Kb4 Rc7 84. a4 Ke7 85. a5
Kd6 86. a6 Re7 87. b3 Kc6 88. Rd4 Re5 89. a7 Kb7 90. Rd7+ Ka8 91. Rd6 Rxf5 92.
Rd7 Re5 93. Rf7 f5 94. Ka4 Re1 95. Kb5 Re5+ 96. Ka6 Re6+ 97. Ka5 Re5+ 98. Kb6
Re6+ 99. Kc5 Ra6 100. b4 Rxa7 101. Rf8+ Kb7 102. Rxf5 Ra2 103. Rf7+ Kc8 104. b5
Rc2+ 105. Kd5 Rb2 106. Rg7 Rb1 107. Kc6 Rc1+ 108. Kd6 Rb1 109. Kd5 Rb2 110. Kc6
Rc2+ 111. Kb6 Rb2 112. Ka5 Ra2+ 113. Kb4 Rb2+ 114. Ka4 Ra2+ 115. Kb3 Ra1 116.
Kb4 Rb1+ 117. Kc5 Rc1+ 118. Kd6 Rb1 119. Rf7 Rb2 120. Rh7 Rd2+ 121. Kc6 Rc2+
122. Kb6 Rb2 123. Rf7 Kd8 124. Kc6 Rc2+ 125. Kb7 Rb2 126. b6 Ke8 127. Rc7 Kd8
128. Ka7 Rb4 129. Rg7 Ra4+ 130. Kb8 Rb4 131. b7 Ra4 132. Rh7 Ra5 133. Rh2 Ra4
134. Rb2 Ra3 135. Re2 Ra4 136. Rf2 Rb4 137. Ra2 Kd7 138. Ka7 Kc7 139. b8=Q+
Rxb8 140. Rc2+ Kd6 141. Kxb8 Kd5 142. Kc7 Kd4 143. Kd6 Kd3 144. Ra2 Kd4 145.
Ra4+ Kd3 146. Ke5 Kc3 147. Kd5 Kd2 148. Ra3 Kc2 149. Kd4 Kd2 150. Ra2+ Kd1 151.
Kc3 Ke1 152. Kd3 Kf1 153. Ke3 Kg1 154. Kf3 Kh1 155. Kg3 Kg1 156. Ra1# 1-0

[Event "Retro WM 84 Glasgow"]
[Site "Zoom"]
[Date "2020.04.21"]
[Round "4"]
[White "Psion Sinclair QL , 7,5 MHz"]
[Black "Mephisto III-S Glasgow , 12 MHz"]
[Result "1-0"]
[WhiteElo "1787"]
[BlackElo "1776"]
[PlyCount "177"]

1. e4 e5 2. Nf3 Nf6 3. Nxe5 d6 4. Nf3 Nxe4 5. d4 d5 6. Bd3 Be7 7. O-O Nc6 8.
Nbd2 f5 9. Nb3 Qd6 10. g3 Qf6 11. Bf4 Nd6 12. Qe2 O-O 13. Rfe1 Re8 14. c3 b6
15. a3 a5 16. Bg5 Qg6 17. Bxe7 Rxe7 18. Ne5 Qe8 19. Nd2 Nxe5 20. dxe5 Ne4 21.
Nf3 Qh5 22. Qe3 Rb8 23. c4 Bb7 24. b3 Rbe8 25. Rac1 Qg4 26. cxd5 Bxd5 27. Bc4
Bxc4 28. Rxc4 c5 29. Qd3 Re6 30. Rd1 Qh5 31. a4 Qg4 32. Kg2 Qh5 33. Qd5 R8e7
34. Rc2 Re8 35. Qc4 Qf7 36. Rcc1 Qe7 37. Qd5 Kf8 38. Rc2 Qf7 39. Rd3 Qh5 40.
Rc4 R6e7 41. Rd1 Qf7 42. Qd3 Qh5 43. Rc2 Kg8 44. Qb5 Ng5 45. Qc4+ Kh8 46. Rc3
Qh3+ 47. Kg1 Nxf3+ 48. Rxf3 Rxe5 49. Qc3 Re4 50. Rfd3 Re2 51. Rd6 Qh5 52. R1d3
Re1+ 53. Kg2 R1e6 54. Rxe6 Rxe6 55. Rd8+ Re8 56. Rd6 Rb8 57. Qe5 Re8 58. Qd5 b5
59. Qxc5 bxa4 60. bxa4 Ra8 61. Ra6 Qe8 62. Qe5 Rd8 63. Qxe8+ Rxe8 64. Rxa5 g6
65. h4 Re7 66. f4 Kg7 67. Re5 Ra7 68. a5 Kf7 69. Kf3 Ra8 70. g4 fxg4+ 71. Kxg4
h5+ 72. Kg5 Rg8 73. a6 Ra8 74. Ra5 Ra7 75. f5 gxf5 76. Kxf5 Kf8 77. Kf6 Ke8 78.
Kg6 Kd8 79. Kxh5 Kd7 80. Kg6 Kc6 81. h5 Ra8 82. Ra2 Kc5 83. h6 Kb5 84. h7 Kb6
85. a7 Kc6 86. Kg7 Kb7 87. Ra3 Kb6 88. h8=Q Rxa7+ 89. Rxa7 1-0

[Event "Retro WM 84 Glasgow"]
[Site "Salzgitter"]
[Date "2020.04.21"]
[Round "15"]
[White "Colossus 3.0 Atari 8 Bit , 3,5 MHz"]
[Black "Mephisto III-S Glasgow , 12 MHz"]
[Result "0-1"]
[WhiteElo "1800"]
[BlackElo "1776"]
[PlyCount "102"]

1. d4 d5 2. Nf3 Nc6 3. Bf4 Bg4 4. e3 e6 5. Bb5 Bd6 6. Bxc6+ bxc6 7. Bxd6 Qxd6
8. Nc3 Qb4 9. Rb1 Nf6 10. O-O O-O 11. a3 Qa5 12. Re1 Bf5 13. Nh4 Ne4 14. Nxf5
exf5 15. f3 Nxc3 16. Qd2 Rfe8 17. Ra1 c5 18. Qxc3 Qxc3 19. bxc3 Rab8 20. dxc5
Rb5 21. c6 Rc5 22. Rad1 g6 23. Re2 Ra5 24. a4 Re6 25. Red2 Rxa4 26. Rxd5 Ra2
27. Rd8+ Kg7 28. R1d7 Rxe3 29. Rxc7 Rxc2 30. h4 Ree2 31. Rdd7 Rxg2+ 32. Kf1
Rgf2+ 33. Ke1 Kg8 34. Rc8+ Kg7 35. Rcc7 Kf6 36. Rxf7+ Ke5 37. Rxa7 Rxf3 38.
Rae7+ Kf4 39. Rxh7 Rg3 40. Kd1 Rgg2 41. h5 Rgd2+ 42. Ke1 Rh2 43. Kd1 g5 44. c7
Rhd2+ 45. Ke1 Rg2 46. Kf1 Kf3 47. Re3+ Kxe3 48. Re7+ Kf3 49. Re3+ Kxe3 50. c8=Q
Rgf2+ 51. Ke1 Rc1# 0-1

[Event "Retro WM 84 Glasgow"]
[Site "Zoom"]
[Date "2020.04.22"]
[Round "33"]
[White "Sargon III Macintosh 68000 , 7,83 MHz"]
[Black "Mephisto III-S Glasgow , 12 MHz"]
[Result "1-0"]
[WhiteElo "1650"]
[BlackElo "1776"]
[PlyCount "84"]

1. b3 e5 2. Bb2 Nc6 3. e3 Nf6 4. Bb5 d6 5. Ne2 Bf5 6. d4 exd4 7. Nxd4 Bd7 8.
O-O d5 9. Nxc6 bxc6 10. Bd3 Bd6 11. Nd2 Qe7 12. Qf3 Ng4 13. g3 O-O 14. Bd4 f6
15. Qg2 c5 16. Bc3 Be5 17. Bxe5 Qxe5 18. h3 Nh6 19. Rab1 c6 20. Kh2 Qh5 21. f3
Rae8 22. e4 Re7 23. c4 d4 24. Rh1 Nf7 25. f4 Nd6 26. f5 Rfe8 27. b4 cxb4 28. c5
Nb7 29. Rhc1 a5 30. a3 Bxf5 31. exf5 bxa3 32. Bc4+ Kh8 33. Qxc6 Re2+ 34. Bxe2
Qxe2+ 35. Qg2 Nxc5 36. Rxc5 a2 37. Ra1 d3 38. Rxa5 Kg8 39. R5xa2 Kf8 40. Ra8
Rxa8 41. Rxa8+ Ke7 42. Ra7+ Kf8 1-0

[Event "Retro WM 84 Glasgow"]
[Site "Zoom"]
[Date "2020.04.23"]
[Round "7"]
[White "Sargon III Macintosh 68000 , 7,83 MHz"]
[Black "Chafitz ARB 4.0 50 S TM , 24 MHz"]
[Result "1/2-1/2"]
[WhiteElo "1650"]
[BlackElo "1915"]
[PlyCount "94"]

1. Nf3 d5 2. c4 d4 3. g3 c5 4. Bg2 Nc6 5. d3 e5 6. O-O Nf6 7. e3 Be7 8. exd4
exd4 9. Bf4 O-O 10. Ne5 Nxe5 11. Bxe5 Nd7 12. Bf4 Qb6 13. Qb3 Re8 14. Re1 Qxb3
15. axb3 Nf8 16. Na3 Ne6 17. Bd2 Bd7 18. Bd5 Rab8 19. Nc2 a6 20. b4 cxb4 21.
Bxe6 fxe6 22. Bf4 Rbc8 23. Nxd4 Bf6 24. Be5 Bxe5 25. Rxe5 Red8 26. f4 Bc6 27.
Nxc6 Rxc6 28. Re3 Rcd6 29. Rae1 Kf7 30. Kf2 a5 31. Re5 Rxd3 32. Rxa5 R3d4 33.
Rae5 Rxc4 34. Rxe6 Rc2+ 35. R6e2 b3 36. Kf3 Rd3+ 37. Kg4 Rxe2 38. Rxe2 Kf6 39.
Kh3 h6 40. Kg2 Kf5 41. h3 g6 42. Kf2 Kf6 43. h4 Kf5 44. Re3 Rd2+ 45. Re2 Rd3
46. Re3 Rd2+ 47. Re2 Rd3 1/2-1/2

[Event "Retro WM 84 Glasgow"]
[Site "Zoom"]
[Date "2020.04.22"]
[Round "26"]
[White "Chafitz ARB 4.0 50 S TM , 24 MHz"]
[Black "Sargon III Macintosh 68000 , 7,83 MHz"]
[Result "1-0"]
[WhiteElo "1915"]
[BlackElo "1650"]
[PlyCount "95"]

1. Nf3 Nf6 2. g3 g6 3. Bg2 Bg7 4. O-O O-O 5. d4 d5 6. Nc3 Nc6 7. Bf4 Nh5 8. Be3
Nf6 9. Ne5 Bf5 10. Qd2 Nb4 11. Rac1 a5 12. a3 Nc6 13. Bg5 h5 14. f3 Nxe5 15.
dxe5 d4 16. Nb5 Nh7 17. Bf4 c5 18. e4 Bd7 19. a4 Qb6 20. c3 Rfd8 21. cxd4 Bxb5
22. axb5 cxd4 23. Qd3 g5 24. Bd2 Bxe5 25. f4 gxf4 26. gxf4 Bg7 27. e5 e6 28.
Rf3 Rd5 29. Rh3 Rxb5 30. Rxh5 Nf8 31. Rc7 Rd5 32. Rc2 Rd7 33. Rh3 Rad8 34. Kf2
a4 35. Ke1 Ng6 36. Rc4 Qb5 37. Be4 Qa6 38. Qc2 Ra8 39. Rc8+ Rd8 40. Rc7 Rab8
41. Bxg6 Qb6 42. Bxf7+ Kf8 43. Qg6 Qxc7 44. Bb4+ Rd6 45. Bxd6+ Qxd6 46. exd6 e5
47. Rh8+ Bxh8 48. Qg8# 1-0

[Event "Retro WM 84 Glasgow"]
[Site "Zoom"]
[Date "2020.04.24"]
[Round "33"]
[White "Chafitz ARB 4.0 50 S TM , 24 MHz"]
[Black "Cyrus II Chess Amstrad , 8 MHz"]
[Result "1-0"]
[WhiteElo "1915"]
[BlackElo "1670"]
[PlyCount "81"]

1. e4 Nf6 2. e5 Nd5 3. d4 d6 4. Nf3 Bg4 5. Be2 Nc6 6. O-O e6 7. Nbd2 dxe5 8.
dxe5 Nf4 9. Bb5 Qd5 10. c4 Qc5 11. Nb3 Bxf3 12. Qxf3 Nh3+ 13. gxh3 Qxe5 14.
Bxc6+ Ke7 15. Bxb7 Rd8 16. Qe3 Qd6 17. Qxa7 Ke8 18. Qa4+ Ke7 19. c5 Qd7 20.
Qxd7+ Rxd7 21. Bf4 f6 22. Bc6 Rd3 23. Bxc7 Rxh3 24. Nd4 e5 25. Nb5 Kf7 26. Nd6+
Bxd6 27. cxd6 Rh5 28. d7 Rg5+ 29. Kh1 Ke7 30. Rad1 Rd8 31. b4 Rg4 32. f4 e4 33.
Rfe1 f5 34. Bxd8+ Kxd8 35. Bxe4 fxe4 36. Rxe4 Rg1+ 37. Kxg1 h6 38. Re8+ Kc7 39.
d8=Q+ Kb7 40. Qd7+ Ka6 41. Re6# 1-0

[Event "Retro WM 84 Glasgow"]
[Site "Zoom"]
[Date "2020.04.25"]
[Round "35"]
[White "Chafitz ARB 4.0 50 S TM , 24 MHz"]
[Black "Psion Sinclair QL , 7,5 MHz"]
[Result "0-1"]
[WhiteElo "1915"]
[BlackElo "1787"]
[PlyCount "152"]

1. Nf3 d5 2. c4 c6 3. b3 Nf6 4. g3 dxc4 5. bxc4 e5 6. Nc3 e4 7. Ng5 Bf5 8. Qc2
h6 9. Bh3 Bxh3 10. Nxh3 Qd4 11. Rb1 b6 12. d3 exd3 13. Qxd3 Bc5 14. Qe3+ Qxe3
15. Bxe3 Bxe3 16. fxe3 Nbd7 17. O-O O-O-O 18. Nf2 Rhe8 19. Nfd1 Ne5 20. Rf4 Rd2
21. Rb2 Rxb2 22. Nxb2 Re7 23. e4 Kd7 24. Kg2 Kd6 25. Rf5 Rd7 26. h3 Ke6 27. Rf2
c5 28. a4 h5 29. Kg1 g5 30. Kg2 g4 31. h4 Rd2 32. e3 Nf3 33. Ne2 Ke5 34. Nf4
Kxe4 35. Rxd2 Nxd2 36. Kf2 Kf5 37. Ke1 Nde4 38. Ne2 a6 39. Nd3 a5 40. Kd1 Nd6
41. Nb2 Ke4 42. Kd2 Kf3 43. Kd3 Nd7 44. Nf4 Ne5+ 45. Kc3 Ne4+ 46. Kb3 Nxg3 47.
Nd1 Nf5 48. Nxh5 g3 49. Nf4 Nxh4 50. Nc3 g2 51. Nh3 Kxe3 52. Nd5+ Kd4 53. Nc3
Kd3 54. Nd5 Nef3 55. Nxb6 g1=R 56. Nxg1 Nxg1 57. Nd7 Kd4 58. Nb8 Ngf3 59. Nc6+
Kd3 60. Nxa5 Nd4+ 61. Ka3 Nhf5 62. Nb7 Kxc4 63. Ka2 f6 64. Kb2 Nc6 65. Ka3 Ng3
66. Nd6+ Kd4 67. Nb5+ Kd3 68. Nd6 c4 69. Nb7 Ne4 70. Ka2 Kd2 71. a5 c3 72. Ka3
c2 73. Ka4 Nc3+ 74. Kb3 c1=Q 75. Kc4 Qa3 76. Nc5 Qb4# 0-1

[Event "Retro WM 84 Glasgow"]
[Site "Zoom"]
[Date "2020.04.25"]
[Round "16"]
[White "Psion Sinclair QL , 7,5 MHz"]
[Black "Chafitz ARB 4.0 50 S TM , 24 MHz"]
[Result "1/2-1/2"]
[WhiteElo "1787"]
[BlackElo "1915"]
[PlyCount "156"]

1. d4 Nf6 2. c4 g6 3. Nc3 d5 4. Nf3 Bg7 5. Qb3 dxc4 6. Qxc4 O-O 7. e4 Bg4 8.
Be3 Nfd7 9. Be2 Nb6 10. Qd3 Nc6 11. d5 Nb4 12. Qd1 Qd6 13. a3 Na6 14. Bxa6 bxa6
15. O-O f5 16. Bd4 Bxf3 17. gxf3 e5 18. Be3 f4 19. Bc1 c6 20. dxc6 Qxc6 21. Qd3
Qb7 22. Rd1 Rab8 23. b3 Qf7 24. b4 Rbc8 25. Rb1 Rc6 26. Bb2 Rfc8 27. Ne2 Rc4
28. Rbc1 Qe6 29. Rxc4 Nxc4 30. Bc1 a5 31. b5 a6 32. bxa6 Qxa6 33. Qd5+ Kh8 34.
Nc3 Qf6 35. Rd3 Qe7 36. Rd1 h6 37. Rd3 Kh7 38. Ne2 Qf6 39. Qd7 Nb6 40. Qb5 a4
41. Bb2 Rc2 42. Rc3 Rd2 43. Kg2 Qg5+ 44. Kh3 Nc4 45. Qxc4 Rxb2 46. Rc2 Rb1 47.
Qe6 Rb3 48. Rc3 Rxc3 49. Nxc3 Qg1 50. Qc4 Qxf2 51. Qd3 Qe3 52. Qxe3 fxe3 53.
Kg3 Bf8 54. Nxa4 Bxa3 55. Kg2 Bb4 56. Kf1 Kg7 57. Ke2 Bd2 58. Nb6 Kf6 59. Nc4
Bc3 60. h4 Ke6 61. Nxe3 Ba5 62. Ng2 Bd8 63. f4 Bc7 64. Kf3 Bd6 65. Kg4 Kf6 66.
fxe5+ Bxe5 67. h5 g5 68. Ne3 Bd6 69. Kf3 Bf8 70. Nf5 Ke5 71. Ne3 Kd6 72. Nf5+
Ke6 73. Nd4+ Ke5 74. Nf5 Kf6 75. Kg4 Ke6 76. Kf3 Ke5 77. Ne3 Bg7 78. Nf5 Bf8
1/2-1/2

[Event "Retro WM 84 Glasgow"]
[Site "Zoom"]
[Date "2020.04.23"]
[Round "2"]
[White "SciSys Turbostar 432 KSO , 4 MHz"]
[Black "Sargon III Macintosh 68000 , 7,83 MHz"]
[Result "1-0"]
[WhiteElo "1770"]
[BlackElo "1650"]
[PlyCount "116"]

1. Nf3 Nf6 2. d4 {Buchende Schwarz} d5 3. c4 dxc4 4. Qa4+ Nc6 5. Nc3 Bg4 6. Ne5
Bd7 7. Qxc4 e6 {Buchende Weiss} 8. Bf4 Bd6 9. e4 Na5 10. Qd3 Nc6 11. Be2 Nb4
12. Qd2 O-O 13. O-O Qe7 14. a3 Nc6 15. Nxc6 Bxc6 16. e5 Ne4 17. Nxe4 Bxe4 18.
exd6 cxd6 19. Rac1 e5 20. dxe5 dxe5 21. Bg3 Rfd8 22. Qe3 Bc6 23. Qxe5 Qxe5 24.
Bxe5 Re8 25. f4 f6 26. Bc4+ Kh8 27. Bd4 Red8 28. Rfd1 Rd6 29. Bb3 a6 30. Bb6
Rxd1+ 31. Rxd1 Re8 32. Bf7 Rc8 33. Kf2 Be4 34. Be6 Re8 35. Bd7 Ra8 36. Re1 f5
37. Rc1 Kg8 38. Rc7 Bd5 39. Bc8 g6 40. h3 h6 41. Bxb7 Bxb7 42. Rxb7 Rc8 43. Rc7
Rxc7 44. Bxc7 Kf7 45. Ke3 Ke6 46. Kd4 Kd7 47. Be5 Kc6 48. Bg7 h5 49. Ke5 a5 50.
Kf6 Kd5 51. Kxg6 Ke4 52. Be5 a4 53. h4 Kd5 54. g3 Ke6 55. Bf6 Kd6 56. Be5+ Ke6
57. Bc3 Kd6 58. Kxf5 Kd5 1-0

[Event "Retro WM 84 Glasgow"]
[Site "Zoom"]
[Date "2020.04.22"]
[Round "14"]
[White "Mephisto III-S Glasgow , 12 MHz"]
[Black "Sargon III Macintosh 68000 , 7,83 MHz"]
[Result "0-1"]
[WhiteElo "1776"]
[BlackElo "1650"]
[PlyCount "74"]

1. Nf3 d5 2. e3 Nc6 3. Bb5 Bd7 4. O-O a6 5. Bxc6 Bxc6 6. Nc3 e6 7. d4 Bd6 8.
Bd2 Nf6 9. Qe2 O-O 10. Ne5 Qe8 11. f3 Bb5 12. Nxb5 Qxb5 13. Qxb5 axb5 14. a3
Ra4 15. c3 Rfa8 16. Rad1 c6 17. Be1 c5 18. Bg3 Nh5 19. Bf2 Nf6 20. Rd2 c4 21.
Rb1 b6 22. Kf1 Nh5 23. f4 Nf6 24. Rdd1 Ne4 25. Nd7 R4a6 26. Be1 f6 27. a4 bxa4
28. b4 cxb3 29. c4 dxc4 30. Ke2 a3 31. Kf3 a2 32. Ra1 f5 33. d5 exd5 34. Bc3
Nxc3 35. Rd2 Ba3 36. Nxb6 Rxb6 37. Rdxa2 bxa2 {Normal} 0-1

[Event "Retro WM 84 Glasgow"]
[Site "Zoom"]
[Date "2020.04.22"]
[Round "21"]
[White "Sargon III Macintosh 68000 , 7,83 MHz"]
[Black "SciSys Turbostar 432 KSO , 4 MHz"]
[Result "1-0"]
[WhiteElo "1650"]
[BlackElo "1770"]
[PlyCount "108"]

1. d4 Nf6 2. c4 c5 3. d5 b5 4. cxb5 a6 5. bxa6 g6 6. Nc3 Bxa6 7. Nf3 Bg7 8. e4
O-O 9. Bxa6 Nxa6 10. O-O Qb6 11. Qe2 Nc7 12. Bg5 Rfb8 13. Bxf6 Bxf6 14. e5 Bg7
15. b3 d6 16. Rfc1 Bh6 17. Rc2 Qb7 18. Rd1 Re8 19. Qc4 Kg7 20. Ne4 Nb5 21. Re2
Na3 22. Qc3 Nb5 23. Qb2 Qb6 24. exd6+ f6 25. dxe7 Rxe7 26. a4 Na7 27. d6 Re6
28. Qc3 Nc6 29. Qc4 Nd8 30. Ree1 Ra5 31. Rd5 Nb7 32. Red1 f5 33. Qc3+ Kg8 34.
Nf6+ Rxf6 35. Qxf6 Bf4 36. Qe6+ Kh8 37. Qe8+ Kg7 38. Qe7+ Kg8 39. Ne5 Bxe5 40.
Qe8+ Kg7 41. Qxe5+ Kg8 42. d7 Qd8 43. R5d3 Ra7 44. Qd5+ Kg7 45. Re3 Kh6 46. Re8
Qf6 47. Qc4 Kg7 48. Qg8+ Kh6 49. Rb8 Qg7 50. Qxg7+ Kxg7 51. Rxb7 Rxb7 52. d8=Q
Kh6 53. Rd7 Rxd7 54. Qxd7 f4 {Normal} 1-0

[Event "Retro WM 84 Glasgow"]
[Site "Zoom"]
[Date "2020.04.29"]
[Round "4"]
[White "SciSys Turbostar 432 KSO , 4 MHz"]
[Black "Colossus 3.0 Atari 8 Bit , 3,5 MHz"]
[Result "1/2-1/2"]
[WhiteElo "1770"]
[BlackElo "1800"]
[PlyCount "106"]

1. e4 d5 2. exd5 Nf6 3. c4 c6 4. d4 cxd5 5. Nc3 Nc6 6. Nf3 Bf5 7. cxd5 Nxd5 8.
Bc4 Nb6 9. Bb5 Bd7 10. O-O a6 11. Bxc6 Bxc6 12. Bf4 e6 13. Ne5 Rc8 14. Qh5 g6
15. Nxg6 fxg6 16. Qe5 Qd6 17. Qxd6 Bxd6 18. Bxd6 Nc4 19. Be5 O-O 20. Rfb1 Rf5
21. Bg3 Bd5 22. b3 Nd2 23. Nxd5 Rxd5 24. Rc1 Rxc1+ 25. Rxc1 Rxd4 26. Rc8+ Kf7
27. Rc7+ Kf6 28. f3 b5 29. Rxh7 Nb1 30. Be1 Rd1 31. Kf2 Rc1 32. a4 Ke5 33. Ra7
Rc2+ 34. Kg3 bxa4 35. bxa4 Rc1 36. f4+ Kd5 37. Bf2 Rc3+ 38. Kg4 Rc2 39. Bg3
Rxg2 40. Kg5 Nc3 41. Rxa6 Ne4+ 42. Kxg6 Nxg3 43. hxg3 Rxg3+ 44. Kf6 Rf3 45.
Ra5+ Kc4 46. Ke5 Re3+ 47. Kd6 Re4 48. Ra7 Rxf4 49. Kxe6 Kc5 50. a5 Kb5 51. Kd6
Ra4 52. Kc7 Rxa5 53. Rxa5+ Kxa5 1/2-1/2

[Event "Retro WM 84 Glasgow"]
[Site "Zoom"]
[Date "2020.04.30"]
[Round "23"]
[White "Colossus 3.0 Atari 8 Bit , 3,5 MHz"]
[Black "SciSys Turbostar 432 KSO , 4 MHz"]
[Result "1-0"]
[WhiteElo "1800"]
[BlackElo "1770"]
[PlyCount "130"]

1. Nc3 d5 2. e4 dxe4 3. Nxe4 Nf6 4. d3 Nxe4 5. dxe4 Qxd1+ 6. Kxd1 e5 7. Nf3 Bg4
8. Bb5+ c6 9. Be2 Bxf3 10. Bxf3 Bc5 11. Ke2 Nd7 12. Rd1 O-O-O 13. Kf1 Kb8 14.
Bg5 f6 15. Bh4 Nb6 16. b3 a6 17. Rab1 h6 18. Kg1 Nc8 19. h3 Ne7 20. Bh5 Bb4 21.
c4 Bc5 22. Bf7 Rd4 23. Rxd4 Bxd4 24. Rd1 Kc7 25. Kf1 Rd8 26. Ke2 Kd6 27. Kf3
Rd7 28. b4 c5 29. Bg3 Nc6 30. Be8 Rd8 31. bxc5+ Kxc5 32. Bf7 Na5 33. Bd5 Rd6
34. Rb1 b6 35. Rc1 Kb4 36. h4 Bb2 37. Rc2 Bd4 38. Kg4 Bc3 39. c5 bxc5 40. a3+
Kxa3 41. Rxc3+ Kb4 42. Rc1 Rd7 43. f4 Nb3 44. Be1+ Ka4 45. Rc3 Nd4 46. Rxc5 Nb5
47. Rc4+ Ka3 48. fxe5 fxe5 49. Bg3 Re7 50. Kf3 a5 51. Ke3 Nc7 52. Bc6 Kb3 53.
Rc5 Kb4 54. Rxe5 Rxe5 55. Bxe5 Ne6 56. Bd5 Nc5 57. Bxg7 h5 58. Bf7 Nb3 59. e5
Nc5 60. e6 Nxe6 61. Bxe6 a4 62. Bf7 a3 63. Bxh5 a2 64. Bf7 a1=Q 65. Bxa1 Kb5
1-0

[Event "Retro WM 84 Glasgow"]
[Site "Zoom"]
[Date "2020.04.30"]
[Round "17"]
[White "Sargon III Macintosh 68000 , 7,83 MHz"]
[Black "Meph. Excalibur O Serie , 8 MHz"]
[Result "1/2-1/2"]
[WhiteElo "1650"]
[BlackElo "1750"]
[PlyCount "142"]

1. Nf3 d5 2. c4 d4 3. g3 Nc6 4. Bg2 e5 5. d3 Bb4+ 6. Nbd2 f6 7. a3 Be7 8. O-O
Nh6 9. Nb3 Nf5 10. c5 Be6 11. e4 dxe3 12. fxe3 O-O 13. e4 Nfd4 14. Nfd2 Qe8 15.
Rf2 Nxb3 16. Nxb3 Qf7 17. Nd2 Bxc5 18. Qf3 Nd4 19. Qd1 Nb3 20. Nxb3 Bxf2+ 21.
Kxf2 Bxb3 22. Qf3 Qd7 23. Ke1 Qd4 24. Bf1 Qg1 25. Qe2 Rfd8 26. Be3 Qh1 27. Rc1
c6 28. g4 a5 29. g5 Rd6 30. Rc5 a4 31. gxf6 Rxf6 32. Qg2 Rxf1+ 33. Qxf1 Qxh2
34. Qe2 Qh1+ 35. Qf1 Qh5 36. Qe2 Qh4+ 37. Qf2 Qd8 38. Rxe5 Qxd3 39. Qd2 Qb1+
40. Qc1 Qxc1+ 41. Bxc1 Rd8 42. Be3 Kf7 43. Rf5+ Kg6 44. Rg5+ Kf6 45. e5+ Kf7
46. Rh5 h6 47. Rh4 Rd5 48. Re4 Ke6 49. Bd2 Bc2 50. Re3 Rd3 51. Re2 Rd7 52. Rh2
Bg6 53. Bc3 Bh7 54. Rh4 b5 55. Bd4 Rd5 56. Bc3 Rd3 57. Bd4 Kd5 58. Bc3 Re3+ 59.
Kf2 Re4 60. Rxe4 Bxe4 61. Kg3 Ke6 62. Kh4 g6 63. Bd4 c5 64. Bxc5 Kxe5 65. Be3
h5 66. Kg5 Bf5 67. Bf4+ Ke4 68. Bd2 Kf3 69. Kh4 Bd3 70. Bh6 Bc2 71. Bd2 Bb1
1/2-1/2